| 000 | 01087nas a2200397 4500 | ||
|---|---|---|---|
| 001 | BR0402273 | ||
| 003 | BR-BrBNA | ||
| 005 | 20231205104523.0 | ||
| 007 | ta | ||
| 008 | 230509b bl.|||p| |||| 00| 00por d | ||
| 040 |
_aBR-BrBNA _bpor _cBiblioteca Nacional de Agricultura |
||
| 041 | _a(Pt) | ||
| 072 | _aF08 | ||
| 100 | 1 | _aSilva, A.C.F. da | |
| 100 | 1 | _aAlthoff, D.A. | |
| 245 | 1 | _aRotação de culturas para hortaliças no litoral sul Catarinense | |
| 650 | _aHORTALIÇA | ||
| 650 | _aROTAÇÃO DE CULTURA | ||
| 650 | _aTOMATE | ||
| 650 | _aFEIJÃO TREPADOR | ||
| 650 | _aCENOURA | ||
| 650 | _aALFACE | ||
| 650 | _aREPOLHO | ||
| 650 | _aBETERRABA | ||
| 650 | _aBATATA DOCE | ||
| 650 | _aAVEIA | ||
| 650 | _aPRODUTIVIDADE | ||
| 650 | _aQUALIDADE | ||
| 650 | _aDOENÇA DE PLANTA | ||
| 650 | _aPRAGA DE PLANTA | ||
| 650 | _aFERTILIDADE DO SOLO | ||
| 650 | _aSANTA CATARINA | ||
| 773 | 0 |
_tAgropecuária Catarinense (Brazil) _xISSN 0103-0779 _g(Nov 2003), v. 16(3) p. 58-65 _wBR0402273 |
|
| 909 |
_a202311 _bLúcia _c55 _dLúcia Elande |
||
| 942 |
_2AGRIS _n0 _cANA |
||
| 999 |
_c178519 _d178519 |
||